| Tag |
First Indicator |
Second Indicator |
Subfields |
| LEADER |
00000cam a2200000 a 4500 |
| 001 |
in00000085729 |
| 005 |
20230801172849.0 |
| 008 |
820211s1981 enka b 001 0 eng |
| 010 |
|
|
|a 81162793
|
| 015 |
|
|
|a GB8123603
|2 bnb
|
| 016 |
7 |
|
|a 011002705
|2 Uk
|
| 019 |
|
|
|a 7816308
|
| 020 |
|
|
|a 0470271701
|q (Halsted Press)
|
| 020 |
|
|
|a 9780470271704
|q (Halsted Press)
|
| 020 |
|
|
|a 0853349371
|
| 020 |
|
|
|a 9780853349372
|
| 029 |
1 |
|
|a AU@
|b 000002094076
|
| 029 |
1 |
|
|a AU@
|b 000046310113
|
| 029 |
1 |
|
|a AU@
|b 000048015497
|
| 029 |
1 |
|
|a DEBBG
|b BV002226805
|
| 029 |
1 |
|
|a GBVCP
|b 017545862
|
| 029 |
1 |
|
|a GBVCP
|b 042489180
|
| 029 |
1 |
|
|a NLGGC
|b 820356999
|
| 029 |
1 |
|
|a NZ1
|b 4983118
|
| 029 |
1 |
|
|a UNITY
|b 005714915
|
| 029 |
1 |
|
|a AU@
|b 000055106272
|
| 029 |
1 |
|
|a NZ1
|b 124570
|
| 029 |
1 |
|
|a AU@
|b 000058072336
|
| 029 |
1 |
|
|a UKMGB
|b 011002705
|
| 035 |
|
|
|a (OCoLC)ocm07810433
|
| 035 |
|
|
|a (OCoLC)7810433
|z (OCoLC)7816308
|
| 035 |
|
|
|a (OCoLC)ocm07810433
|
| 040 |
|
|
|a DLC
|b eng
|c DLC
|d CRU
|d UUM
|d NLE
|d OCLCO
|d OCLCF
|d OCLCQ
|d UKBTH
|d UNITY
|d OCLCO
|d OCL
|d UKMGB
|
| 050 |
1 |
4 |
|a TP360
|b .P67 1981
|
| 080 |
0 |
|
|a 662.73
|
| 082 |
0 |
|
|a 662/.8
|2 19
|
| 084 |
|
|
|a NR 56
|2 blsrissc
|
| 100 |
1 |
|
|a Porteous, Andrew.
|
| 245 |
1 |
0 |
|a Refuse derived fuels /
|c Andrew Porteous.
|
| 260 |
|
|
|a London :
|b Applied Science ;
|a New York :
|b Halsted Press,
|c 1981.
|
| 300 |
|
|
|a xii, 137 pages :
|b illustrations ;
|c 23 cm.
|
| 336 |
|
|
|a text
|b txt
|2 rdacontent
|
| 337 |
|
|
|a unmediated
|b n
|2 rdamedia
|
| 338 |
|
|
|a volume
|b nc
|2 rdacarrier
|
| 490 |
1 |
|
|a Energy from wastes series
|
| 504 |
|
|
|a Includes bibliographical references and index.
|
| 530 |
|
|
|a Also issued online.
|
| 650 |
|
0 |
|a Refuse as fuel.
|
| 650 |
|
0 |
|a Waste products as fuel.
|
| 650 |
|
6 |
|a Déchets (Combustible)
|
| 650 |
|
7 |
|a Waste products as fuel.
|2 fast
|0 (OCoLC)fst01171084
|
| 650 |
|
7 |
|a Refuse as fuel.
|2 fast
|0 (OCoLC)fst01092979
|
| 653 |
|
|
|a Fuels
|a Production
|a Use of waste materials
|
| 776 |
0 |
8 |
|i Online version:
|a Porteous, Andrew.
|t Refuse derived fuels.
|d London : Applied Science ; New York : Halsted Press, 1981
|w (OCoLC)644320834
|
| 830 |
|
0 |
|a Energy from wastes series.
|
| 948 |
|
|
|h HELD BY TXA - 225 OTHER HOLDINGS
|
| 994 |
|
|
|a Z0
|b TXA
|
| 999 |
f |
f |
|s 5db123f7-d9e3-360f-8674-e33cb0817c87
|i 303e8263-f3a8-3b64-8f6f-cc639a492720
|t 0
|
| 952 |
f |
f |
|p ric
|a Texas A&M University
|b Rellis Campus
|c Joint Library Facility
|s JLF
|d Remote Storage
|t 0
|e TP360 P67 1981a
|h Library of Congress classification
|i unmediated -- volume
|m A14805949311
|